Một ngàn một trăm mười một câu đố dễ nhớ
Giới thiệu 1111 câu đố dễ nhớ, mang tính giải trí cao có kèm theo đáp án cuối sách giúp bạn đọc tham khảo.
Đã lưu trong:
| Údar Corparáideach: | |
|---|---|
| Formáid: | Leabhar |
| Teanga: | Undetermined |
| Foilsithe: |
Hà Nội
Khoa học - Xã hội
2015
|
| Ábhair: | |
| Clibeanna: |
Cuir Clib Leis
Gan Chlibeanna, Bí ar an gcéad duine leis an taifead seo a chlibeáil!
|
| Thư viện lưu trữ: | Trung tâm Học liệu Trường Đại học Cần Thơ |
|---|
| LEADER | 00848nam a2200193Ia 4500 | ||
|---|---|---|---|
| 001 | CTU_209493 | ||
| 008 | 210402s9999 xx 000 0 und d | ||
| 082 | |a 398.609597 | ||
| 082 | |b H452 | ||
| 110 | |a Hội văn nghệ dân gian Việt Nam | ||
| 245 | 0 | |a Một ngàn một trăm mười một câu đố dễ nhớ | |
| 245 | 0 | |c Dân Huyền (Sưu tầm và biên soạn) | |
| 260 | |a Hà Nội | ||
| 260 | |b Khoa học - Xã hội | ||
| 260 | |c 2015 | ||
| 520 | |a Giới thiệu 1111 câu đố dễ nhớ, mang tính giải trí cao có kèm theo đáp án cuối sách giúp bạn đọc tham khảo. | ||
| 650 | |a Văn học dân gian Việt Nam,Folk literature, Vietnamese | ||
| 904 | |i Trương Thủy Ly,Hải | ||
| 980 | |a Trung tâm Học liệu Trường Đại học Cần Thơ | ||